000 00362nam a22001337a 4500
005 20200619141620.0
008 200619b xxu||||| |||| 00| 0 eng d
082 _a345.4 LIC
110 _aALL INDIA REPORTER
_96222
245 _aLABOUR AND INDUSTRIAL CASES [1971] V- 4
260 _aMUMBAI
_bALL AINDIA REPORTER Pvt.Ltd
_c1971
650 _aLAW
_95701
942 _cJRL
999 _c7318
_d7316